Goalkeepers by Football Clubs - Statistics

General Stats
  • This quiz has been taken 131 times
  • The average score is 13 of 20
Answer Stats
Club Goalkeeper % Correct
Manchester City Ederson Moraes
100%
Liverpool Alisson Becker
92%
Manchester United André Onana
92%
Bayern Munich Manuel Neuer
87%
Arsenal Aaron Ramsdale
84%
Paris Saint-Germain Gianluigi Donnarumma
84%
Barcelona Marc-André ter Stegen
83%
Real Madrid Thibaut Courtois
81%
Atleticó Madrid Jan Oblak
79%
Chelsea Kepa Arrizabalaga
74%
Milan Mike Maignan
70%
Borussia Dortmund Gregor Kobel
65%
Inter Milan Yann Sommer
63%
Tottenham Hotspur Guglielmo Vicario
49%
Juventus Wojciech Szczęsny
49%
Napoli Alex Meret
46%
Roma Rui Patrício
39%
Ajax Gerónimo Rulli
23%
Porto Diogo Costa
17%
Benfica Odysseas Vlachodimos
2%
No matching quizzes found
Score Distribution
Percent of People with Each Score
Percentile by Number Answered
Your Score History
You have not taken this quiz